Poder político y clases sociales en el estado capitalista / (Registro nro. 5695)

Detalles MARC
000 -LEADER
fixed length control field 01147nam a2200289Ia 4500
003 - CONTROL NUMBER IDENTIFIER
control field OSt
005 - DATE AND TIME OF LATEST TRANSACTION
control field 20210204115236.0
008 - FIXED-LENGTH DATA ELEMENTS--GENERAL INFORMATION
fixed length control field 191128s1980 mx fr 000 0 spa d
020 ## - INTERNATIONAL STANDARD BOOK NUMBER
International Standard Book Number 9682303273
040 ## - CATALOGING SOURCE
Original cataloging agency CO-JMCR
Transcribing agency CO-JMCR
041 1# - LANGUAGE CODE
Language code of text/sound track or separate title spa
Language code of original fre
082 04 - DEWEY DECIMAL CLASSIFICATION NUMBER
Classification number 320 /
Item number P874p
Edition number 21
100 1# - MAIN ENTRY--PERSONAL NAME
Personal name Poulantzas, Nicos,
Relator term autor
9 (RLIN) 1746
245 10 - TITLE STATEMENT
Title Poder político y clases sociales en el estado capitalista /
Statement of responsibility, etc. Nicos Poulantzas ; traductor Florentino M. Torner
250 ## - EDITION STATEMENT
Edition statement Decimonovena edición
260 ## - PUBLICATION, DISTRIBUTION, ETC.
Place of publication, distribution, etc. México :
Name of publisher, distributor, etc. Siglo XXI,
Date of publication, distribution, etc. 1980
300 ## - PHYSICAL DESCRIPTION
Extent 471 páginas ;
Dimensions 17 cm
490 0# - SERIES STATEMENT
Series statement Sociología y política
500 ## - GENERAL NOTE
General note Título original. Pouvoir politique et classes sociales de l'etat capitaliste.
505 0# - FORMATTED CONTENTS NOTE
Formatted contents note Cuestiones generales -- El estado capitalista -- Los rasgos fundamentales del estado capitalista -- La unidad del poder y la autonomía relativa del estado capitalista -- Sobre la burocracia y las élites
546 ## - LANGUAGE NOTE
Language note Traducido del francés
650 1# - SUBJECT ADDED ENTRY--TOPICAL TERM
Topical term or geographic name entry element Poder
9 (RLIN) 1747
650 1# - SUBJECT ADDED ENTRY--TOPICAL TERM
Topical term or geographic name entry element Clases sociales
9 (RLIN) 1748
650 1# - SUBJECT ADDED ENTRY--TOPICAL TERM
Topical term or geographic name entry element Burocracia
9 (RLIN) 1749
700 1# - ADDED ENTRY--PERSONAL NAME
Personal name Torner, Florentino M.,
Relator term traductor
9 (RLIN) 1750
942 ## - ADDED ENTRY ELEMENTS (KOHA)
Source of classification or shelving scheme Dewey Decimal Classification
Koha item type Books
Existencias
Withdrawn status Lost status Source of classification or shelving scheme Damaged status Not for loan Collection code Home library Current library Date acquired Source of acquisition Cost, normal purchase price Total Checkouts Full call number Barcode Date last seen Copy number Koha item type
    Dewey Decimal Classification     Non-fiction Biblioteca Pública José María del Castillo y Rada Biblioteca Pública José María del Castillo y Rada 04/15/2018 Donación 0.00   320 / P874p 430003921 05/16/2024 Ej.1 Books